000 00360 a2200157 4500
001 58968
020 _a8526243063
040 _cAnchieta - Pituba
100 _aGaravello, Tito Marcio
240 1 0 _aNovo lições de geografia
_lpor
245 1 0 _aNovo lições de geografia
300 _a224
362 0 _a2002
650 4 _aGeografia e viagens
942 _cBK
999 _c58968
_d58968